Представление документа в формате MARC21

Поле Инд. ПП Название Значение
Тип записи a
Библиографический уровень m
001 _ Контрольный номер RU/URAIT/535729
005 _ Дата корректировки 20250915104041.4
008 Кодируемые данные 111006s2024 RU y f j 000 0 rus u
020 a ISBN 978-5-534-07001-9
c Цена, тираж 1609.00
040 a Служба первич. каталог. ИКО Юрайт
c Служба, преобразующая запись ИКО Юрайт
e Правила каталог. RCR
041 a Код языка текста rus
044 a Код страны публикации RU
080 a Индекс УДК 51(075.8)
084 2 Источник индекса rubbk
a Индекс другой классификации/Индекс ББК 22.1я73
100 1_ a Автор Богомолов Николай Васильевич
q Полное имя Николай Васильевич
245 a Заглавие Математика
b Продолж. заглавия учебник для вузов
c Ответственность Н. В. Богомолов, П. И. Самойленко.
250 g пер. и доп
a Основные сведения об издании 5-е изд.
256 a Характеристики компьютерного файла Электрон. дан.
260 a Место издания Москва
b Издательство Юрайт
c Дата издания 2024
300 a Объем 401 с
440 a Серия Высшее образование
500 a Примечание URL: https://urait.ru/bcode/535729 (дата обращения: 09.02.2024).
520 a Аннотация В курсе рассмотрены основные разделы математики: алгебра, начала анализа, дифференциальное и интегральное исчисления, дифференциальные уравнения, аналитическая геометрия на плоскости, стереометрия, элементы теории вероятностей и математической статистики. Приведено большое количество тщательно подобранных примеров с решениями.
538 a Прим. о системных особенностях Режим доступа: Электронно-библиотечная система Юрайт, для авториз. пользователей
653 a Ключевые слова Математика: общие работы
653 a Ключевые слова Математика и статистика
653 a Ключевые слова Математика
653 a Ключевые слова Математика (элементы высшей математики, теория вероятностей, математическая статистика)
653 a Ключевые слова Дополнительные главы математики
653 a Ключевые слова Высшая математика
653 a Ключевые слова Математика и статистика
653 a Ключевые слова Основы прикладной математики
653 a Ключевые слова Прикладная математика
653 a Ключевые слова Элементы высшей математики
653 a Ключевые слова Вводный курс математики
653 a Ключевые слова Основы высшей математики и статистики
653 a Ключевые слова Введение в высшую математику
653 a Ключевые слова Введение в математику
653 a Ключевые слова Избранные вопросы тригонометрии
653 a Ключевые слова Тригонометрические ряды
653 a Ключевые слова Основы высшей математики
653 a Ключевые слова Базовая математика
653 a Ключевые слова Фундаментальная математика
653 a Ключевые слова Математика (высшая)
653 a Ключевые слова Математика (статистика)
653 a Ключевые слова Углубленный курс тригонометрии
653 a Ключевые слова Конкретная математика
653 a Ключевые слова Корректирующий курс по математике
653 a Ключевые слова Методика аналитического отбора корней в тригонометрических задачах на основе алгоритма Евклида
653 a Ключевые слова Тригонометрия
653 a Ключевые слова Вводный курс в высшую математику
653 a Ключевые слова Введение в прикладную математику
653 a Ключевые слова Введение в вузовскую математику
653 a Ключевые слова Основы математики
653 a Ключевые слова Математика (общий курс)
653 a Ключевые слова Математика. Разделы математики
653 a Ключевые слова Математика (базовая)
700 1_ a Другие авторы Самойленко Петр Иванович
q Полное имя Петр Иванович
856 40 n Местонахождение сервера Юрайт
g Электронная книга
q Тип электронного формата html
h Имя пользователя ЮРАЙТ
v Часы доступа к ресурсу 20240803
2 Способ доступа Показать документ
x Примечание для ЭОР https://urait.ru/book/cover/770AC943-2326-4707-BDA9-4360EA93C2AE
u URL https://urait.ru/bcode/535729
z Примечание для пользователя Участвует в КО
856 41 q Тип электронного формата cover
u URL https://urait.ru/book/cover/770AC943-2326-4707-BDA9-4360EA93C2AE